00381 a2200145 4500003000400000005001700004008004100021020001800062040000900080082001800089100002000107245006000127260003900187300000900226OSt20231223155628.0231223b |||||||| |||| 00| 0 eng d a9788170555625 coclc a891.43bSIN/A aSingh, Bachchan aAADHUNIK HINDI ALOCHANA KE BEEJ SHABD /cBachchan Singh aNew Delhi:bVani Prakashan,c2018. a151p